|
|
|
|
| LEADER |
01004nab#a2200301#ar4500 |
| 001 |
000076474 |
| 003 |
SVKKK |
| 005 |
20050809xxxxxxx. |
| 008 |
06 c xo huno |
| FMT |
|
|
|
| 038 |
|
|
|a SVKKK
|
| 040 |
|
|
|a SVKKK
|b slo
|e AACR2
|
| 041 |
0 |
|
|a hun
|
| 044 |
|
|
|a xo
|c SK
|
| 080 |
|
|
|a 373.51
|
| 242 |
1 |
0 |
|a Gymnaziálny súkromný kurz
|
| 245 |
0 |
0 |
|a Gymnasiumi megántanfolyam
|
| 500 |
|
|
|a Ex/Ro-75
|
| 520 |
2 |
|
|a Správa o zriadení súkromného kurzu, prípravky pre žiakov I.triedy gymnázia v Michalovciach. Kurz povedie od 1.septembra profesor Dezsö Aczél. Žiaci na konci roka môžu skladať skúšky vo verejných gymnáziách.
|
| 650 |
0 |
4 |
|a kurzy - kurzy vzdelávacie - príprava gymnaziálna - Aczél, Dezider (učiteľ) (organizátor) - Michalovce - rok 1904 - správy
|
| 773 |
0 |
|
|t Felsö-Zemplén
|g Roč. 9, č. 30 (04.08.1904) s. 2
|
| 957 |
|
|
|a Michalovce
|
| 958 |
|
|
|a DG
|
| 958 |
|
|
|a SK
|
| 974 |
|
|
|a zuz
|d 20050809
|
| 992 |
|
|
|a RBX
|
| BAS |
|
|
|
| 998 |
|
|
|a RETRO
|